000 00626nam a2200205Ia 4500
005 20251020182610.0
008 200515s9999 xx 000 0 und d
082 _aSC/624.01/M26
100 _aMARUSSI CASTELLAN, Francisco
245 0 _aAntecedentes históricos de la quincha
260 _aLima
260 _c1989
300 _a48
520 _aRecopila los antecedentes históricos del uso de la quincha en el Perú, revalorando su utilización como elemento fundamental en la construcción
650 _aCONSTRUCCIONES EN TIERRA
650 _aHISTORIA
650 _aPUB ININVI
650 _aQUINCHA
942 _cLIB
999 _c3308
_d3308